Normal view MARC view
  • García León, Francisco

Entry Nombre Personal

Number of records used in: 5

001 - NUMERO DE CONTROL

  • campo de control: 45372

003 - IDENTIFICADOR DE NUMERO DE CONTROL

  • campo de control: DLC

005 - FECHA Y HORA DE LA ÜLTIMA TRANSACCIÓN

  • campo de control: 20220725104644.0

008 - DATOS DE LONGITUD FIJA

  • campo de control de longitud fija: 040602n| acannaabn |a aaa d

010 ## - NÚMERO DE CONTROL DE LA BIBLIOTECA DEL CONGRESO

  • Número de control LC: no2004052864

035 ## - NUMERO DE CONTROL

  • Número de control: (OCoLC)oca06361315

040 ## - FUENTE DE CATALOGACIÓN

  • Agencia original de catalogación: MX-StUAC
  • Lenguaje de catalogación: spa
  • Agencia de transcripción: MX-StUAC
  • Agencia que lo modifica: MX-MxUPN

100 1# - ENCABEZAMIENTO - NOMBRE PERSONAL

  • Nombre personal: García León, Francisco

670 ## - FUENTE EN LA QUE SE LOCALIZARON DATOS

  • Cita de la fuente: Geografía económica, 1991:
  • Información localizada: portada (Francisco García León)

670 ## - FUENTE EN LA QUE SE LOCALIZARON DATOS

  • Cita de la fuente: Geografía 1: México y el mundo : aspectos físico y socioeconómico, 1978:
  • Información localizada: portada (Francisco García León)

902 ## - CATALOGADOR

  • Catalogador: VRC/250722